Nueva antología / (Record no. 132506)

MARC details
000 -LEADER
campo de control de longitud fija 00601nam a2200181 4500
001 - NÚMERO DE CONTROL
campo de control 132506
003 - IDENTIFICADOR DE NÚMERO DE CONTROL
campo de control ES-MaACL
007 - CAMPO FIJO DE DESCRIPCIÓN FÍSICA--INFORMACIÓN GENERAL
campo de control de longitud fija t|
008 - DATOS DE LONGITUD FIJA--INFORMACIÓN GENERAL
campo de control de longitud fija 070214s1980 sp r ||||1| spa d
100 1# - ENTRADA PRINCIPAL--NOMBRE DE PERSONA
Nombre de persona Romero Real, Cristóbal.
9 (RLIN) 99430
245 10 - MENCIÓN DEL TÍTULO
Título Nueva antología /
Mención de responsabilidad, etc. Cristóbal Romero Real ; prólogo: Bartolomé Almenara Laguna.
250 ## - MENCION DE EDICION
Mención de edición 1ª ed.
260 ## - PUBLICACIÓN, DISTRIBUCIÓN, ETC.
Lugar de publicación, distribución, etc. Fernán Núñez (Córdoba) :
Nombre del editor, distribuidor, etc. Ayuntamiento,
Fecha de publicación, distribución, etc. 1980.
300 ## - DESCRIPCIÓN FÍSICA
Extensión 107 p. ;
Dimensiones 22 cm.
700 1# - ENTRADA AGREGADA--NOMBRE PERSONAL
Nombre de persona Almenara Laguna, Bartolomé.
9 (RLIN) 20136
710 2# - ENTRADA AGREGADA--NOMBRE DE ENTIDAD CORPORATIVA
Nombre de entidad corporativa o nombre de jurisdicción como elemento de entrada Fernán Núñez (Córdoba).
Unidad subordinada Ayuntamiento.
9 (RLIN) 4122
852 ## - LOCALIZACIÓN
Ubicación ES-MaACL
Número de control de estantería L-443
Sublocalización o colección R.101050
Holdings
Estatus retirado Estado de pérdida Estado de daño No para préstamo Biblioteca de origen Biblioteca actual Ubicación en estantería Fecha de adquisición Fuente de adquisición Total de préstamos Signatura topográfica completa Código de barras Visto por última vez Precio de reemplazo Tipo de ítem Koha
        Biblioteca del Ateneo de Madrid Biblioteca del Ateneo de Madrid Depósito 2 17/01/2008     L-443 1137954 23/02/2023 23/02/2023 Libro impreso